000 00308nam a22001337a 4500
008 171106b xxu||||| |||| 00| 0 eng d
020 _a9780538830744
041 _aeng
080 _a330.722.6
100 _a62
101 _aKON
245 _aCORPORATE FINANCIAL ACCOUNTING
_cDONALD,CH.L
942 _2udc
_cBK
999 _c37913
_d37913